| 000 | 01271nam a2200313 a 4500 | ||
|---|---|---|---|
| 001 | 000045270 | ||
| 003 | DO-SdBNP | ||
| 005 | 20240302073957.0 | ||
| 007 | ta | ||
| 008 | 150220s2009 dr a 000 0 spa d | ||
| 020 | _a999347696x | ||
| 040 |
_aDO-SdBNP _bspa _cBNPHU |
||
| 082 | 4 |
_222 _a923.57293 _bG633C, 2009 |
|
| 100 | 1 |
_aCassá, Roberto, _d1948- _910888 |
|
| 245 | 1 | 0 |
_aMáximo Gómez : _blibertador de Cuba / _cRoberto Cassá ; Ilustraciones, Ramiro Manzano. |
| 250 | _a3a ed. | ||
| 260 |
_aSanto Domingo : _bTobogan, _c2009. _fAlfa y Omega |
||
| 300 |
_a65 p. : _bil. ; _c21 cm. |
||
| 490 | _aBografías dominicanas Tobogán ; | ||
| 504 | _aBibliografía : p. 65 | ||
| 505 | 0 |
_tEl talento del prócer -- _t30 años de vida dominicana -- _tEl impacto de la emigración -- _tLos contrastes de la realidad cubana -- _tLa primera carga al machete -- _tLa paz de El Zanjón y la emigración -- _tLa guerra de la Independencia -- _tFrente a la invasión norteamericana -- _aRetorno al país |
|
| 590 | _aInventariado, 2019/ YL | ||
| 600 | 1 | 0 |
_aGómez, Máximo, _d1836-1905 _912249 |
| 651 | 4 |
_aRepública Dominicana _vBIOGRAFÍAS _91083 |
|
| 700 | 1 |
_aManzano, Ramiro, _eil. _9768 |
|
| 830 | 0 |
_aBiografías dominicanas Tobogán _9769 |
|
| 910 | _aYL | ||
| 942 |
_2ddc _cLBS1 |
||
| 999 |
_c44759 _d44759 |
||